| 000 | 01216cam a2200385 a 4500 | ||
|---|---|---|---|
| 001 | 58248 | ||
| 003 | CO-BoRNBP | ||
| 005 | 20250820210628.0 | ||
| 007 | ta | ||
| 008 | 031110s2001 sp a jr 00010 spa d | ||
| 020 | _a8421638300 (Bruño) | ||
| 020 | _a848452003X (Intermón) | ||
| 040 |
_ala _cla |
||
| 041 | 1 |
_aspa _hfre |
|
| 043 | _ae-fr--- | ||
| 082 | 0 | 4 |
_aI843.91 _bH15o _220 ed. |
| 100 | 1 |
_aHalley, Achmy. _928296 |
|
| 245 | 1 | 3 |
_aEl oasis de Aicha / _cAchmy Halley; traducción Beatriz Velasco. |
| 250 | _a1a. edición | ||
| 300 |
_a63 p. : _bil. ; _c22 cm. |
||
| 336 |
_2rdacontent _atexto _btxt |
||
| 337 |
_2rdamedia _asin mediación _bn |
||
| 338 |
_2rdacarrier _avolumen _bnc |
||
| 534 | _tL'oasis d' Aicha. | ||
| 650 | 7 |
_aCuentos infantiles franceses. _2BLAAUTO _97840 |
|
| 650 | 7 |
_aEmigrantes _v Cuentos. _2BLAAUTO _962730 |
|
| 650 | 7 |
_aProblemas sociales _vCuentos. _2BLAAUTO _962731 |
|
| 650 | 7 |
_aEnfermedades _vCuentos. _2BLAAUTO _962732 |
|
| 650 | 7 |
_aMaestros _vCuentos. _2BLAAUTO _962733 |
|
| 650 | 7 |
_aAbuelos _vCuentos. _2BLAAUTO _962734 |
|
| 700 | 1 |
_aVelasco, Beatriz, _etr. _962721 |
|
| 830 | 0 |
_aLista Básica-Bibliotécas Públicas 1. _942791 |
|
| 942 |
_2ddc _cBK |
||
| 949 |
_an _bn |
||
| 999 |
_c58248 _d58248 |
||